Избранные труды по электричеству (Запись № 8943407)

Подробности
000 -МАРКЕР
контрольное поле 02294nam0a22003611 4500
001 - ИДЕНТИФИКАТОР ЗАПИСИ
контрольное поле rc\3963116
005 - ИДЕНТИФИКАТОР ВЕРСИИ
контрольное поле 20260406095515.0
021 ## - НОМЕР ГОСУДАРСТВЕННОЙ РЕГИСТРАЦИИ
Код страны Российская Федерация
Номер [56-3493]
035 ## - ДРУГИЕ СИСТЕМНЫЕ НОМЕРА
Идентификатор записи (NLR Aleph) 008051304
100 ## - ДАННЫЕ ОБЩЕЙ ОБРАБОТКИ
Данные общей обработки 20130415d1956 u y0rusy50 ca
101 0# - ЯЗЫК РЕСУРСА
Язык текста, звукозаписи и т.д. русский
102 ## - СТРАНА ПУБЛИКАЦИИ ИЛИ ПРОИЗВОДСТВА
Страна публикации Российская Федерация
105 ## - ПОЛЕ КОДИРОВАННЫХ ДАННЫХ: ТЕКСТОВЫЕ МАТЕРИАЛЫ, МОНОГРАФИЧЕСКИЕ
Кодированные данные о монографическом текстовом документе a z |||||
200 1# - ЗАГЛАВИЕ И СВЕДЕНИЯ ОБ ОТВЕТСТВЕННОСТИ
Основное заглавие Избранные труды по электричеству
Первые сведения об ответственности Под ред., [с предисл.] и с примеч. проф. Л.Д. Белькинда
210 ## - ПУБЛИКАЦИЯ, РАСПРОСТРАНЕНИЕ И ДР.
Место издания, распространения и т.д. Москва
Имя издателя, распространителя и т. д. Гостехиздат
Дата издания, распространения и т.д. 1956
215 ## - ФИЗИЧЕСКАЯ ХАРАКТЕРИСТИКА
Специфическое обозначение материала и объем 299 с.
Другие сведения о физической характеристике ил.
Размеры 20
225 1# - СЕРИЯ
Основное заглавие серии Библиотека русской науки
Наименование части Математика. Механика. Физика. Астрономия
300 ## - ОБЩИЕ ПРИМЕЧАНИЯ
Текст примечания Перед загл. авт.: В.В. Петров, Т. Гроттгус, Ф.Ф. Рейс и др.
327 0# - ПРИМЕЧАНИЯ О СОДЕРЖАНИИ
Текст примечания В прил.: Жизнь и творчество В.В. Петрова / А.А. Елисеев. Труды в области электричества В.В. Петрова, его учеников и современников в России / Я.А. Шнейберг
464 #0 - АНАЛИТИЧЕСКИЙ УРОВЕНЬ
Встроенное поле 2001#$aЖизнь и творчество В.В. Петрова
-- 700#1$aЕлисеев$bА.А.
Заглавие Жизнь и творчество В.В. Петрова
Автор Елисеев, А.А.
464 #0 - АНАЛИТИЧЕСКИЙ УРОВЕНЬ
Встроенное поле 2001#$aТруды в области электричества В.В. Петрова, его учеников и современников в России
-- 700#1$aШнейберг$bЯ.А.
Заглавие Труды в области электричества В.В. Петрова, его учеников и современников в России
Автор Шнейберг, Я.А.
606 ## - НАИМЕНОВАНИЕ ТЕМЫ КАК ПРЕДМЕТ
Наименование темы Электричество
Формальный подзаголовок Сборники
Код системы psbo
701 #1 - ИМЯ ЛИЦА - АЛЬТЕРНАТИВНАЯ ОТВЕТСТВЕННОСТЬ
Графика поля Кириллица
Материалы, к которым относится поле rus
Начальный элемент ввода Рейсс
Часть имени, кроме начального элемента ввода Ф. Ф.
Даты 1778-1852
Расширение инициалов личного имени Фердинанд Фридрих
Идентификатор авторитетной/нормативной записи RU\NLR\AUTH\770287914
Системный номер авторитетной/нормативной записи 2690496
701 #1 - ИМЯ ЛИЦА - АЛЬТЕРНАТИВНАЯ ОТВЕТСТВЕННОСТЬ
Начальный элемент ввода Гроттгус
Часть имени, кроме начального элемента ввода Т.
701 #1 - ИМЯ ЛИЦА - АЛЬТЕРНАТИВНАЯ ОТВЕТСТВЕННОСТЬ
Графика поля Кириллица
Материалы, к которым относится поле rus
Начальный элемент ввода Петров
Часть имени, кроме начального элемента ввода В. В.
Дополнения к именам, кроме дат физик
Даты 1761-1834
Расширение инициалов личного имени Василий Владимирович
Системный номер авторитетной/нормативной записи 209373
Идентификатор авторитетной/нормативной записи RU\NLR\AUTH\770209427
702 #1 - ИМЯ ЛИЦА - ВТОРИЧНАЯ ОТВЕТСТВЕННОСТЬ
Начальный элемент ввода Белькинд
Часть имени, кроме начального элемента ввода Л.Д.
Расширение инициалов личного имени Лев Давидович
Код отношения Редактор
-- Комментатор печатного текста
-- Автор введения, предисловия, примечания и т.п.
801 #0 - ИСТОЧНИК ЗАПИСИ
Страна Российская Федерация
Организация NLR
Правила каталогизации psbo
801 #1 - ИСТОЧНИК ЗАПИСИ
Страна Российская Федерация
Организация ELAR
Источник данных rusmarc
852 ## - МЕСТОНАХОЖДЕНИЕ И ШИФР ХРАНЕНИЯ
Идентификатор организации NLR
Шифр хранения (Call Number) 57-3/498
942 ## - ДОПОЛНИТЕЛЬНЫЕ ЭЛЕМЕНТЫ ЗАПИСИ (АБИС)
Тип экземпляра АБИС Книга
980 ## - КОЛЛЕКЦИЯ
Название коллекции Национальная библиография
Экземпляры
Тип экземпляра Дата поступления Библиотека постоянного хранения Библиотека текущего хранения Место хранения Шифр хранения Штрих-код Статус экземпляра
Книга 26.10.2013 РНБ (Московский) РНБ (Московский) Русский книжный фонд: издания с 1957 года 57-3/498 1-2296240